| 000 | 01209nam a22002177a 4500 | ||
|---|---|---|---|
| 005 | 20250806154605.0 | ||
| 010 | _aHIN-130160 B-765383-5401 25BACHN25 | ||
| 020 |
_a9789390372409 _c300.00 |
||
| 035 | _aB-765383-5401 | ||
| 035 | _aHN-102506 | ||
| 037 | _bप्रभात प्रकाशन, | ||
| 082 | _a343 | ||
| 100 |
_aअशोक कुमार _983900 |
||
| 245 |
_aसाइबर एनकाउंटर्स / _cअशोक कुमार, ओ.पी. मनोचा |
||
| 260 |
_aनई दिल्ली _bप्रभात प्रकाशन _c2023 |
||
| 270 |
_a4/19 आसफ अली रोड़ _bनई दिल्ली _e110002 _cनई दिल्ली |
||
| 300 |
_a216पृ. _c22 सेमी (सजिल्द) _bअजिल्द |
||
| 700 |
_aमनोचा,ओ.पी. _979034 |
||
| 942 |
_adpl _cHN _2ddc _mअशोक _h343 |
||
| 999 |
_c209930 _d209930 |
||